| 000 | 00746nam a2200241 i 4500 | ||
|---|---|---|---|
| 001 | bgj | ||
| 100 | 1 | _aCOLLIE, Joanne | |
| 245 | 1 | 0 |
_aWhat's it like? : _blife and culture in Britain today / _cJoanne Collie, Alex Martin. |
| 260 |
_aCambridge : _bCambridge University Press, _c2000. |
||
| 300 |
_a96 pp. : _bill., photos ; _c28 cm. |
||
| 650 | 9 |
_aPopular culture _zGreat Britain |
|
| 650 | 9 | _aBritish culture | |
| 650 | 9 | _aBritish life | |
| 651 | 9 |
_aGreat Britain _xSocial life and customs _y1945- |
|
| 655 | _aTextbooks for foreigners | ||
| 700 | 1 |
_aMARTIN, Alex _d(1953- ). _eco-author |
|
| 020 | _a0521586623 | ||
| 040 | _cBPK | ||
| 041 | 0 | _aeng | |
| 920 | _a0-521-58662-3 | ||
| 942 | _cKS | ||
| 008 | s uk f |000 0 eng | ||
| 999 |
_c48450 _d48450 |
||